| 000 | 00528nam a2200205Ia 4500 | ||
|---|---|---|---|
| 003 | OSt | ||
| 005 | 20140507094632.0 | ||
| 008 | 140130s9999 xx 000 0 und d | ||
| 020 | _a9780439693172 | ||
| 050 |
_aPZ 8.3 _b.St78255Ti 1998 |
||
| 100 | _aStamper, Judith Bauer | ||
| 245 |
_aTic-tac-toe : _bthree in a row / _cJudith Bauer Stamper. |
||
| 260 |
_bScholastic, _c1998. _aNew York : |
||
| 300 |
_a24 p. : _bcol. ill. ; _c23 cm. |
||
| 440 | _v1 | ||
| 521 | _aG1 | ||
| 526 | _c140 | ||
| 942 |
_cBK _2lcc |
||
| 999 |
_c39868 _d39868 |
||